Kyrgyz Republic : Report on the Observance of Standards and Codes-Fiscal Transparency Module.

This report examines the Observance of Standards and Codes on Fiscal Transparency Module for the Kyrgyz Republic. The assessment reveals that important steps have been taken to improve fiscal transparency in the Kyrgyz Republic in recent years, particularly in the area of budget preparation and exec...

ver descrição completa

Detalhes bibliográficos
Autor Corporativo: International Monetary Fund
Formato: Periódico
Idioma:English
Publicado em: Washington, D.C. : International Monetary Fund, 2002.
Colecção:IMF Staff Country Reports; Country Report ; No. 2002/054
Acesso em linha:Full text available on IMF
LEADER 01631cas a2200241 a 4500
001 AALejournalIMF001913
008 230101c9999 xx r poo 0 0eng d
020 |c 5.00 USD 
020 |z 9781451821345 
022 |a 1934-7685 
040 |a BD-DhAAL  |c BD-DhAAL 
110 2 |a International Monetary Fund. 
245 1 0 |a Kyrgyz Republic :   |b Report on the Observance of Standards and Codes-Fiscal Transparency Module. 
264 1 |a Washington, D.C. :  |b International Monetary Fund,  |c 2002. 
300 |a 1 online resource (17 pages) 
490 1 |a IMF Staff Country Reports 
500 |a <strong>Off-Campus Access:</strong> No User ID or Password Required 
500 |a <strong>On-Campus Access:</strong> No User ID or Password Required 
506 |a Electronic access restricted to authorized BRAC University faculty, staff and students 
520 3 |a This report examines the Observance of Standards and Codes on Fiscal Transparency Module for the Kyrgyz Republic. The assessment reveals that important steps have been taken to improve fiscal transparency in the Kyrgyz Republic in recent years, particularly in the area of budget preparation and execution. The introduction of a treasury system has greatly enhanced expenditure control and the quality of fiscal reporting. Continuing deregulation and privatization have also helped to clarify the roles and responsibilities of the government sector. 
538 |a Mode of access: Internet 
830 0 |a IMF Staff Country Reports; Country Report ;  |v No. 2002/054 
856 4 0 |z Full text available on IMF  |u http://elibrary.imf.org/view/journals/002/2002/054/002.2002.issue-054-en.xml  |z IMF e-Library